[Event "GER-chT U20"]
[Site "Muenster"]
[Date "2022.12.27"]
[Round "2"]
[White "Biermann, Lenhard"]
[Black "Suvorov, Alexander David"]
[Result "0-1"]
[WhiteElo "2086"]
[BlackElo "2345"]
[PlyCount "82"]
[EventDate "2022.12.26"]
[EventType "team-swiss"]
[EventRounds "7"]
[EventCountry "GER"]
[SourceTitle "CBM 212 Extra"]
[Source "ChessBase"]
[SourceDate "2023.03.31"]
[SourceVersion "1"]
[SourceVersionDate "2023.03.31"]
[SourceQuality "1"]
[WhiteTeam "Bochum SG"]
[BlackTeam "Porz SG"]
[WhiteTeamCountry "GER"]
[BlackTeamCountry "GER"]

1. d4 Nf6 2. c4 g6 3. Nc3 Bg7 4. e4 d6 5. Nf3 0-0 6. Be2 e5 7. dxe5 dxe5 8. Qxd8 Rxd8 9. Bg5 Nbd7 10. 0-0-0 Rf8 11. Nd5 Nxe4 12. Nxc7 Nxg5 13. Nxg5 Rb8 14. Ne4 f5 15. Nd6 Nf6 16. c5 h5 17. Bc4+ Kh7 18. Kb1 Ng4 19. Nxc8 Rfxc8 20. Rd7 Kh6 21. f3 Ne3 22. Bb3 Nxg2 23. Ne6 Bf6 24. Rg1 Nh4 25. Rf7 Nxf3 26. Rg3 Nd2+ 27. Kc2 Ne4 28. Rg2 Nxc5 29. Kb1 Nxe6 30. Bxe6 Rf8 31. Rc7 h4 32. a3 Bg5 33. Rg1 e4 34. Rc2 Rf6 35. Bd5 Rd6 36. Bf7 Rf8 37. Rc7 Rb6 38. h3 Rd8 39. Ka1 Bf4 40. Re7 Bg3 41. Rc1 Rd2 0-1

[Event "GER-ch U18"]
[Site "Willingen"]
[Date "2021.08.29"]
[Round "9"]
[White "Boder, Jan"]
[Black "Biermann, Lenhard"]
[Result "1-0"]
[WhiteElo "2146"]
[BlackElo "2160"]
[PlyCount "117"]
[EventDate "2021.08.22"]
[EventType "swiss"]
[EventRounds "9"]
[EventCountry "GER"]
[SourceTitle "EXT 2022"]
[Source "ChessBase"]
[SourceDate "2021.10.06"]
[SourceVersion "1"]
[SourceVersionDate "2021.10.06"]
[SourceQuality "1"]

1. c4 f5 2. g3 Nf6 3. Bg2 e6 4. Nf3 Be7 5. 0-0 0-0 6. b3 d6 7. d4 Qe8 8. Nc3 Qh5 9. Qd3 Nc6 10. e4 e5 11. dxe5 dxe5 12. Nd5 fxe4 13. Nxf6+ Bxf6 14. Qxe4 Bf5 15. Qd5+ Kh8 16. Bb2 Rad8 17. Qc5 Bg4 18. Nd2 Be7 19. Qe3 Nd4 20. Bxd4 Rxd4 21. f3 Bd7 22. Ne4 Bc6 23. Kh1 Bxe4 24. fxe4 Rf6 25. Rf5 Rd1+ 26. Rxd1 Qxd1+ 27. Qg1 Qxg1+ 28. Kxg1 Bc5+ 29. Kf1 Bd6 30. Ke2 a5 31. c5 Rxf5 32. exf5 Bxc5 33. Bxb7 Kg8 34. Kd3 Kf7 35. Kc4 Bg1 36. h3 Kf6 37. g4 h6 38. a4 Ke7 39. Kb5 Bb6 40. b4 axb4 41. a5 Bf2 42. Kxb4 Kd6 43. Kb5 Be1 44. a6 Bf2 45. Be4 Bd4 46. h4 c6+ 47. Bxc6 Kc7 48. g5 hxg5 49. hxg5 e4 50. Bxe4 Kb8 51. Kc6 Ka7 52. Bd3 Be3 53. f6 gxf6 54. gxf6 Bg5 55. f7 Bf6 56. f8Q Bd8 57. Qf7+ Bc7 58. Qxc7+ Ka8 59. Qb7# 1-0

[Event "GER-ch U18"]
[Site "Willingen"]
[Date "2021.08.25"]
[Round "4"]
[White "Unbehend, Marius"]
[Black "Biermann, Lenhard"]
[Result "1/2-1/2"]
[WhiteElo "1572"]
[BlackElo "2160"]
[PlyCount "85"]
[EventDate "2021.08.22"]
[EventType "swiss"]
[EventRounds "9"]
[EventCountry "GER"]
[SourceTitle "EXT 2022"]
[Source "ChessBase"]
[SourceDate "2021.10.06"]
[SourceVersion "1"]
[SourceVersionDate "2021.10.06"]
[SourceQuality "1"]

1. e4 e6 2. d4 d5 3. Nd2 Be7 4. c3 c5 5. exd5 exd5 6. dxc5 Bxc5 7. Nb3 Bb6 8. Nf3 Nf6 9. Be2 0-0 10. 0-0 Nc6 11. Bg5 Be6 12. Nfd4 h6 13. Bh4 g5 14. Bg3 Ne4 15. Re1 Qf6 16. Bf3 Nxg3 17. hxg3 Rad8 18. Qd2 Ne5 19. Be2 Nc4 20. Qc2 Rfe8 21. Bd3 Bg4 22. Bf5 Bxf5 23. Nxf5 Nxb2 24. Nxh6+ Qxh6 25. Qxb2 Qf6 26. Nd4 Bxd4 27. cxd4 b6 28. Qd2 Rc8 29. Rxe8+ Rxe8 30. Kf1 Re4 31. Rd1 g4 32. Qd3 Qh6 33. Kg1 Qg6 34. Qa6 Qf6 35. Qd3 Qe6 36. Kf1 Kg7 37. Qa6 Qf6 38. Qd3 Qh6 39. Kg1 Qf6 40. Qd2 Qh6 41. Qd3 Qe6 42. Kf1 Qh6 43. Kg1 1/2-1/2

[Event "GER-chT U16"]
[Site "Magdeburg"]
[Date "2019.12.27"]
[Round "2.1"]
[White "Biermann, Lenhard"]
[Black "Glinzner, Alva"]
[Result "1/2-1/2"]
[WhiteElo "2098"]
[BlackElo "1812"]
[PlyCount "70"]
[EventDate "2019.12.27"]
[EventType "team-swiss"]
[EventRounds "7"]
[EventCountry "GER"]
[SourceTitle "CBM 194 Extra"]
[Source "ChessBase"]
[SourceDate "2020.03.31"]
[SourceVersion "1"]
[SourceVersionDate "2020.03.31"]
[SourceQuality "1"]
[WhiteTeam "Bochum SG"]
[BlackTeam "Luebeck"]
[WhiteTeamCountry "GER"]
[BlackTeamCountry "GER"]

1. d4 Nf6 2. Nf3 e6 3. c4 d5 4. g3 Be7 5. Bg2 c6 6. 0-0 0-0 7. Nbd2 Nbd7 8. Qc2 Bd6 9. e4 dxe4 10. Nxe4 Nxe4 11. Qxe4 Nf6 12. Qe2 Qc7 13. c5 Be7 14. Bf4 Qd8 15. Rfd1 Nd5 16. Qd2 f6 17. b4 Bd7 18. Rab1 Qe8 19. Qe1 g5 20. Bd2 Qg6 21. Qe2 Nc7 22. Bc3 Rad8 23. a4 Nd5 24. Be1 a6 25. Rb3 Qe8 26. Nd2 Rf7 27. Nc4 Bf8 28. Bd2 Rg7 29. Bf3 Rb8 30. Re1 Qc8 31. Bg4 Re7 32. Bf3 Qc7 33. Kg2 Rbe8 34. Nd6 Rd8 35. Nc4 Rde8 1/2-1/2

[Event "GER-ch U25-A"]
[Site "Willingen"]
[Date "2019.06.14"]
[Round "8"]
[White "Biermann, Lenhard"]
[Black "Mainka, Alwin"]
[Result "1-0"]
[WhiteElo "2069"]
[BlackElo "1833"]
[PlyCount "85"]
[EventDate "2019.06.08"]
[EventType "swiss"]
[EventRounds "9"]
[EventCountry "GER"]
[SourceTitle "CBM 191 Extra"]
[Source "ChessBase"]
[SourceDate "2019.09.30"]
[SourceVersion "1"]
[SourceVersionDate "2019.09.30"]
[SourceQuality "1"]

1. c4 Nf6 2. g3 g6 3. Bg2 d5 4. cxd5 Nxd5 5. Qb3 Nb6 6. Qc3 f6 7. Nf3 Bg7 8. d4 0-0 9. 0-0 Nc6 10. Rd1 f5 11. Qb3+ e6 12. Nc3 Kh8 13. Bg5 Qe8 14. Bf4 Qf7 15. Nb5 Nd5 16. Ng5 Qe7 17. Bxd5 exd5 18. Nxc7 h6 19. Nf3 g5 20. Nxd5 Qd8 21. Bc7 Qe8 22. Bd6 Be6 23. Bxf8 Qxf8 24. Rac1 Rd8 25. Qxb7 Bxd5 26. Rxc6 Qe8 27. Ne5 Bxc6 28. Qxc6 Bxe5 29. Qxe8+ Rxe8 30. dxe5 Rxe5 31. e3 Re7 32. Rd6 Kg7 33. Kf1 Rc7 34. Ra6 Rc1+ 35. Kg2 Rc7 36. h4 g4 37. h5 Rf7 38. b3 Kh7 39. Kf1 Kg7 40. b4 Kh7 41. a4 Rc7 42. b5 Rb7 43. Rf6 1-0

[Event "GER-ch U25-A"]
[Site "Willingen"]
[Date "2019.06.12"]
[Round "6"]
[White "Biermann, Lenhard"]
[Black "Bajorski, Marius"]
[Result "1/2-1/2"]
[WhiteElo "2069"]
[BlackElo "1967"]
[PlyCount "81"]
[EventDate "2019.06.08"]
[EventType "swiss"]
[EventRounds "9"]
[EventCountry "GER"]
[SourceTitle "CBM 191 Extra"]
[Source "ChessBase"]
[SourceDate "2019.09.30"]
[SourceVersion "1"]
[SourceVersionDate "2019.09.30"]
[SourceQuality "1"]

1. d4 Nf6 2. Nf3 e6 3. g3 d5 4. c4 Be7 5. Bg2 0-0 6. 0-0 c6 7. Nbd2 Nbd7 8. Qc2 b6 9. e4 Ba6 10. Re1 Rc8 11. b3 c5 12. exd5 exd5 13. Bb2 Re8 14. Rac1 cxd4 15. Nxd4 Bc5 16. Rxe8+ Qxe8 17. Qb1 dxc4 18. Nxc4 Bxc4 19. Rxc4 Nf8 20. b4 Bxd4 21. Rxd4 Ne6 22. Rd1 Qe7 23. a3 Rd8 24. Rd3 Rxd3 25. Qxd3 Qd7 26. Qxd7 Nxd7 27. Kf1 Kf8 28. f4 g6 29. Ke2 Ke7 30. Kd3 Kd6 31. Bc3 f5 32. Ke3 b5 33. h4 h5 34. Kd3 Nc7 35. Bd4 Nb6 36. Bc5+ Kd7 37. Bf3 Ne6 38. Be3 Kd6 39. Bg2 Kd7 40. Bf3 Kd6 41. Bg2 1/2-1/2

[Event "Ruhrgebiet Regionalliga 1819"]
[Site "Nordrheinwestfalen"]
[Date "2019.05.19"]
[Round "10.4"]
[White "Biermann, Lenhard"]
[Black "Dekhtyaryuk, Dimitri"]
[Result "1/2-1/2"]
[WhiteElo "2072"]
[BlackElo "1849"]
[PlyCount "85"]
[EventDate "2018.09.02"]
[EventType "team-tourn"]
[EventRounds "11"]
[EventCountry "GER"]
[SourceTitle "EXT 2022"]
[Source "ChessBase"]
[SourceDate "2021.10.06"]
[SourceVersion "1"]
[SourceVersionDate "2021.10.06"]
[SourceQuality "1"]
[WhiteTeam "Bochum SG II"]
[BlackTeam "Eichlinghofen SV"]
[WhiteTeamCountry "GER"]
[BlackTeamCountry "GER"]

1. d4 Nf6 2. Nf3 c5 3. d5 d6 4. Nc3 g6 5. e4 Bg7 6. h3 0-0 7. Bd3 a6 8. a4 e6 9. 0-0 exd5 10. exd5 b6 11. Re1 Bb7 12. Bf1 Nbd7 13. Bf4 Qc7 14. g4 Rfe8 15. Bg2 Rxe1+ 16. Nxe1 Re8 17. Nd3 c4 18. Nb4 Ne5 19. Bh2 Qc5 20. Nc6 Nxd5 21. Qxd5 Qxd5 22. Bxd5 Nxc6 23. Ne4 Be5 24. Bxe5 Rxe5 25. f4 Re7 26. Nxd6 Rd7 27. Ne8 Re7 28. Nf6+ Kg7 29. g5 Nd4 30. Bxb7 Rxb7 31. Kf2 Nc6 32. Ke3 Re7+ 33. Kf3 Nd4+ 34. Kf2 Ne6 35. Kg3 Nc5 36. Kf3 Ne6 37. c3 Nc5 38. h4 Nd3 39. Rb1 Ne1+ 40. Kf2 Nd3+ 41. Kf3 Ne1+ 42. Kf2 Nd3+ 43. Kf3 1/2-1/2

[Event "Ruhrgebiet Regionalliga 1819"]
[Site "Nordrheinwestfalen"]
[Date "2018.10.28"]
[Round "3.5"]
[White "Poetter, Clemens"]
[Black "Biermann, Lenhard"]
[Result "0-1"]
[WhiteElo "2011"]
[BlackElo "2085"]
[PlyCount "94"]
[EventDate "2018.09.02"]
[EventType "team-tourn"]
[EventRounds "11"]
[EventCountry "GER"]
[SourceTitle "EXT 2022"]
[Source "ChessBase"]
[SourceDate "2021.10.06"]
[SourceVersion "1"]
[SourceVersionDate "2021.10.06"]
[SourceQuality "1"]
[WhiteTeam "Borbeck Weisse Dame"]
[BlackTeam "Bochum SG II"]
[WhiteTeamCountry "GER"]
[BlackTeamCountry "GER"]

1. d4 e6 2. Nf3 Nf6 3. c4 d5 4. e3 Be7 5. Nc3 0-0 6. Bd3 dxc4 7. Bxc4 a6 8. a4 c5 9. 0-0 Nc6 10. dxc5 Bxc5 11. Qe2 Qe7 12. e4 Rd8 13. e5 Nd5 14. Ne4 h6 15. Rd1 Ncb4 16. h4 Bd7 17. Nfg5 Rac8 18. Nxc5 Qxc5 19. Bxd5 exd5 20. e6 fxe6 21. Nf3 Qc2 22. Rd2 Qf5 23. Nd4 Qf6 24. h5 e5 25. Nf3 Re8 26. Ne1 d4 27. Qd1 Nd5 28. Re2 e4 29. Ra3 d3 30. Nxd3 exd3 31. Rxe8+ Bxe8 32. Rxd3 Bf7 33. Rxd5 Rxc1 34. Qxc1 Bxd5 35. Qc8+ Qf8 36. Qd7 Qf7 37. Qc8+ Kh7 38. Qc2+ Kh8 39. Qc8+ Qg8 40. Qf5 Qe6 41. Qf4 Qf7 42. Qb8+ Kh7 43. Qe5 Qe6 44. Qf4 a5 45. Qd2 b6 46. b4 axb4 47. Qxb4 Qe4 0-1

[Event "Hoogeveen op 22nd"]
[Site "Hoogeveen"]
[Date "2018.10.26"]
[Round "8"]
[White "Biermann, Lenhard"]
[Black "Van der Hagen, Loek"]
[Result "1-0"]
[WhiteElo "2153"]
[BlackElo "1820"]
[PlyCount "113"]
[EventDate "2018.10.20"]
[EventType "swiss"]
[EventRounds "9"]
[EventCountry "NED"]
[SourceTitle "CBM 187 Extra"]
[Source "ChessBase"]
[SourceDate "2018.11.04"]
[SourceVersion "1"]
[SourceVersionDate "2018.11.04"]
[SourceQuality "1"]

1. c4 Nf6 2. g3 g6 3. Bg2 Bg7 4. Nc3 0-0 5. d3 d6 6. e4 Nc6 7. Nge2 e5 8. 0-0 Nd7 9. Nd5 Ne7 10. Bg5 f6 11. Be3 Nxd5 12. cxd5 Nb6 13. Rc1 Bd7 14. d4 Kh8 15. Qd2 a5 16. f4 Bb5 17. Rf2 Qd7 18. Nc3 Nc4 19. Qe2 Ba6 20. Qe1 Rae8 21. f5 gxf5 22. Bh3 exd4 23. Bxd4 Ne5 24. Bxf5 Qe7 25. Bxe5 fxe5 26. Qe3 Rf6 27. Rcc2 Bh6 28. Qf3 Ref8 29. Nd1 Qg7 30. h4 Bf4 31. Rg2 Bh6 32. g4 Bf4 33. Nf2 Rh6 34. h5 Bg5 35. Nh3 Rf7 36. Qc3 Rhf6 37. b3 Re7 38. a3 Rf8 39. Rcf2 Ref7 40. Rf3 Rf6 41. Qxa5 R6f7 42. Qc3 Qh6 43. Nxg5 Qxg5 44. Qe3 Qxe3+ 45. Rxe3 c6 46. dxc6 bxc6 47. Rc3 Bb7 48. g5 Rg7 49. g6 c5 50. h6 Rxg6 51. Bxg6 hxg6 52. Rxg6 Bxe4 53. Rxd6 Rg8+ 54. Kf1 Kh7 55. Rxc5 Bg6 56. Rxe5 Kxh6 57. Ree6 1-0